Using Matlab to Analyze and Design Control Systems /

Furkejuvvon:
Bibliográfalaš dieđut
Váldodahkki: Leonard, Naomi Ehrich (autor)
Eará dahkkit: Levine, William S. (autor) (autor)
Materiálatiipa: Girji
Giella:eaŋgalasgiella
Almmustuhtton: Menlo Park, EUA : Addison-Wesley, 1995, c1995
Preanttus:2a edición
Fáttát:
Fáddágilkorat: Lasit fáddágilkoriid
Eai fáddágilkorat, Lasit vuosttaš fáddágilkora!

MARC

LEADER 00000nam^a2200000^a^4500
001 000102266
005 20250521000000.0
009 20260310093308.304
020 |a 0-8053-2193-4 
037 |a Acervo ITESO - Biblioteca 
041 |a ING 
082 |a 629. 80285  |b LEO 
100 |a Leonard, Naomi Ehrich  |e (autor) 
245 1 0 |a Using Matlab to Analyze and Design Control Systems /  |c N.E. Leonard, W.S. Levine. 
250 |a 2a edición 
264 4 |a Menlo Park, EUA :  |b Addison-Wesley,  |c 1995, c1995 
300 |a 212 p. 
336 |a texto  |b txt  |2 rdacontenido 
337 |a sin mediación  |b n  |2 rdamedio 
338 |a volumen  |b nc  |2 rdasoporte 
649 |a XX 
650 |a Diseño de Sistemas de Control -  |x Tema Principal 
650 |a Control de Procesos 
650 |a Programación Lineal 
650 |a Programación (Software) 
650 |a Métodos de Simulación 
650 |a Sistemas Expertos 
650 |a Paquetes (Software) 
650 |a Ingeniería Computacional 
650 |a Matemáticas de Ingeniería -  |x Proceso de Datos 
650 |a Automatización 
650 |a Control Automático 
700 |a Levine, William S.  |e (autor) 
910 |a Fondo General 
920 |a Impresos - Libros 
930 |a Colección General 
905 |a 101 
901 |a 0500037677  |b IT1  |c ACC  |u 20250521 
902 |a https://opac.biblio.iteso.mx/vufind/Record/000102266